000 00319cam a22001097a 4500
008 180718b-- xxu||||| |||| 00| 0 eng d
082 _aB73x5432 O/1994
100 _aHaryana. Legislative Department
245 _aThe Haryana municipal corporation ordinance, 1994
260 _aChandigarh
_bThe author
_c--
300 _a216+p.
999 _c486010
_d486010